Defence oriented budget, 1963-1964 (Record no. 358666)

000 -LEADER
fixed length control field 00348cam a22001337a 4500
008 - FIXED-LENGTH DATA ELEMENTS--GENERAL INFORMATION
fixed length control field 180718b1963 xxu||||| |||| 00| 0 eng d
082 ## - DEWEY DECIMAL CLASSIFICATION NUMBER
Classification number L1x54 B148
245 ## - TITLE STATEMENT
Title Defence oriented budget, 1963-1964
Statement of responsibility, etc. by Bahri Brothers
260 ## - PUBLICATION, DISTRIBUTION, ETC.
Place of publication, distribution, etc. Delhi
Name of publisher, distributor, etc. Bahri
Date of publication, distribution, etc. 1963
300 ## - PHYSICAL DESCRIPTION
Extent 59p.
500 ## - GENERAL NOTE
General note Rs.3.75
650 ## - SUBJECT ADDED ENTRY--TOPICAL TERM
Topical term or geographic name entry element India - Budget
700 ## - ADDED ENTRY--PERSONAL NAME
Personal name Bahri Brothers
Holdings
Withdrawn status Lost status Damaged status Not for loan Permanent Location Current Location Date acquired Full call number Barcode Date last seen Price effective from Koha item type
        Indian Institute of Public Administration Indian Institute of Public Administration 1994-02-01 L1x54 B148 32259 2018-07-21 2018-07-21 Book

Powered by Koha